000 00487nam a22001337a 4500
082 _a627.4
_bCOM
_cL-18, P-13
100 _aC. C. D on Flood Control
_944004
245 _aConstruction plant and methods for flood control on the lower mississippi river and similar stream/
260 _aNew York:
_bHeadquarter of the society 33 west 39th street New York,
_cc1936
300 _a65 p,;
_bill,:
_c18cm
526 _a0
_b0
_c0
_d627_400000000000000_COM
650 _aMCE
_9379
942 _2ddc
_cBK
999 _c547857
_d547857